An introduction to harmonic analysis /
Guardado en:
| Autor Principal: | |
|---|---|
| Formato: | Libro |
| Idioma: | English |
| Publicado: |
Cambridge, UK ; New York :
Cambridge University Press,
c2004.
|
| Edición: | 3rd ed. |
| Series: | Cambridge mathematical library
|
| Materias: | |
| Acceso en línea: | Publisher description |
| Etiquetas: |
Agregar Etiqueta
Sin Etiquetas, Sea el primero en etiquetar este registro!
|
| LEADER | 01290cam a2200265 a 4500 | ||
|---|---|---|---|
| 001 | MAT.inmabb006544 | ||
| 008 | 031028s2004####enk######b####001#0#eng## | ||
| 005 | 20150313130347.0 | ||
| 245 | 1 | 3 | |a An introduction to harmonic analysis / |c Yitzhak Katznelson. |
| 250 | |a 3rd ed. | ||
| 260 | |a Cambridge, UK ; |a New York : |b Cambridge University Press, |c c2004. | ||
| 300 | |a xv, 314 p. ; |c 24 cm. | ||
| 440 | 0 | |a Cambridge mathematical library | |
| 504 | |a Incluye referencias bibliográficas (p. 307-309) e índice. | ||
| 505 | 0 | |a 1. Fourier series on T -- 2. The convergence of Fourier series -- 3. The conjugate function -- 4. Interpolation of linear operators -- 5. Lacunary series and quasi-analytic classes -- 6. Fourier transforms on the line -- 7. Fourier analysis on locally compact Abelian groups -- 8. Commutative Banach algebras -- A. Vector-valued functions -- B. Probabilistic methods. | |
| 510 | 4 | |a MR, |c 2005d:43001 | |
| 020 | |a 0521838290 | ||
| 020 | |a 0521543592 (pbk.) | ||
| 100 | 1 | |a Katznelson, Yitzhak, |d 1934- | |
| 650 | 0 | |a Harmonic analysis. | |
| 084 | |a 43-01 (42-02 43-02) |2 msc2000 | ||
| 010 | |a 2003064046 | ||
| 040 | |a DLC |c DLC |d DLC | ||
| 856 | 4 | 2 | |3 Publisher description |u http://www.loc.gov/catdir/description/cam041/2003064046.html |
| 859 | |h 43 |i K19-3 |p A-8770 |b BIB. MATEMATICA | ||
